Iluminación programada

Збережено в:
Бібліографічні деталі
Автор: Duran Solís, Alexis
Формат: Невідомо
Опубліковано: [San José, Costa Rica] 1981
Теги: Додати тег
Немає тегів, Будьте першим, хто поставить тег для цього запису!

MARC

LEADER 00000 a2200000 4500
003 001560
005 20221231143742.0
008 140114s1981 c a m 000 ||s d
040 |c cru CEDI 
090 |a TFG 999 
100 |a Duran Solís, Alexis   |9 15915 
245 |a Iluminación programada 
260 |c 1981  |a [San José, Costa Rica] 
300 |a 349 hojas; ilustraciones 
500 |a A la Cabeza de la portada. Universidad de Costa Rica. Facultad de Ingeniería. Escuela de Ingeniería Eléctrica. Proyecto Eléctrico 1 IE-502 
942 |c TFG 
999 |c 11265  |d 11265